Casualty characters by episodes Quiz Stats

 Plays Quiz not verified by Sporcle

Support Sporcle.
Go Orange.
Score 0/40 Timer 10:00
0 Plays Today
Answer % Correct
Charlie Fairhead
97.8%
Lisa 'Duffy' Duffin
89.8%
Connie Beauchamp
89.2%
Zoe Hanna
88.6%
Tess Bateman
87.7%
Sam Bateman
85.5%
Noel Garcia
85.2%
Kathleen 'Dixie' Dixon
85.2%
Jeff Collier
84.9%
Ethan Hardy
84.9%
Caleb Knight
83.7%
Robyn Miller
82.8%
Mackenzie 'Big Mac' Chalker
79.7%
Dylan Keogh
79.1%
Max Walker
78.8%
Iain Dean
78.8%
Max Gallagher
78.8%
Josh Griffiths
76.3%
Louise Tyler
70.8%
Nick Jordan
70.2%
Answer % Correct
Lily Chao
67.7%
Harry Harper
66.8%
Rita Freeman
65.2%
Adam Trueman
63.7%
Ruth Winters
63.4%
Comfort Jones
61.5%
Martin 'Ash' Ashford
61.2%
Maggie Coldwell
61.2%
Bex Reynolds
59.7%
Jay Faldren
59.4%
Nikki Marshall
59.4%
John 'Abs' Denham
58.2%
Lenny Lyons
58.2%
Lara Stone
57.2%
Luke Warren
56.6%
Finlay Newton
55.4%
Selena Donovan
54.8%
Alice Chantrey
53.5%
Gurpreet 'Guppy' Sandhu
52%
Kelsey Phillips
49.8%

You're not logged in!

Compare scores with friends on all Sporcle quizzes.
OR
Log In

From the Vault

5-Star Best Picture Winners

by manonthemoon

A Best Picture quiz? Are you not entertained?
Remove Ads.
Support Sporcle.
Get the best of Sporcle when you Go Orange. This ad-free experience offers more features, more stats, and more fun while also helping to support Sporcle. Thank you for becoming a member.

Show Comments

Extras

Created Feb 14, 2018ReportNominate
Tags:Casualty, Character, episode

Top Quizzes Today


Score Distribution

Your Account Isn't Verified!

In order to create a playlist on Sporcle, you need to verify the email address you used during registration. Go to your Sporcle Settings to finish the process.

Report this User

Report this user for behavior that violates our Community Guidelines.

Details: